Legajo núm. 13 (Record no. 54780)

MARC details
000 -LEADER
campo de control de longitud fija 00806nam a2200217 i 4500
001 - NÚMERO DE CONTROL
campo de control 54780
003 - IDENTIFICADOR DE NÚMERO DE CONTROL
campo de control ES-MaACL
005 - FECHA Y HORA DE LA ÚLTIMA TRANSACCIÓN
campo de control 20250716053240.0
007 - CAMPO FIJO DE DESCRIPCIÓN FÍSICA--INFORMACIÓN GENERAL
campo de control de longitud fija t|
008 - DATOS DE LONGITUD FIJA--INFORMACIÓN GENERAL
campo de control de longitud fija 040114s1871 fr ||||1| fre d
100 1# - ENTRADA PRINCIPAL--NOMBRE DE PERSONA
Nombre de persona Gaboriau, Emile.
9 (RLIN) 53145
245 10 - MENCIÓN DEL TÍTULO
Título Legajo núm. 13
Resto del título : novela original /
Mención de responsabilidad, etc. de Emilio Gaborian [sic] ; traducida por Joaquina García Balmaseda.
260 ## - PUBLICACIÓN, DISTRIBUCIÓN, ETC.
Lugar de publicación, distribución, etc. Madrid :
Nombre del editor, distribuidor, etc. [s.n.],
Fecha de publicación, distribución, etc. 1871 (
Fabricante Impr. de La Correspondencia de España a cargo de Julian González)
300 ## - DESCRIPCIÓN FÍSICA
Extensión 175 p. ;
Dimensiones 23 cm.
490 1# - MENCIÓN DE SERIE
Mención de serie Biblioteca de "La Correspondencia de España"
500 ## - NOTA GENERAL
Nota general Texto a dos columnas.
700 1# - ENTRADA AGREGADA--NOMBRE PERSONAL
Nombre de persona García Balmaseda, Joaquina,
Fechas asociadas al nombre 1837-1911
9 (RLIN) 54217
830 0# - PUNTO DE ACCESO ADICIONAL DE SERIE-TÍTULO UNIFORME
Título uniforme Biblioteca de "La Correspondencia de España"
9 (RLIN) 182488
852 ## - LOCALIZACIÓN
Ubicación ES-MaACL
Número de control de estantería T-673-F-4
Holdings
Estatus retirado Estado de pérdida Estado de daño No para préstamo Colección Biblioteca de origen Biblioteca actual Ubicación en estantería Fecha de adquisición Fuente de adquisición Total de préstamos Signatura topográfica completa Código de barras Visto por última vez Precio de reemplazo Tipo de ítem Koha
        Colección de folletos Biblioteca del Ateneo de Madrid Biblioteca del Ateneo de Madrid Depósito folletos 17/01/2008     T-673-F-4 1057562 23/02/2023 23/02/2023 Folleto